| 000 -ლიდერი |
| ფიქსირებული სიგრძის საკონტროლო ველი |
01015nam a22001937a 4500 |
| 003 - საკონტროლო ნომრის იდენტიფიკატორი |
| საკონტროლო ველი |
Ge_BSU |
| 005 - ბოლო ოპერაციის თარიღი და დრო |
| საკონტროლო ველი |
20221124165327.0 |
| 008 - ფიქსირებული სიგრძის მონაცემთა ელემენტები - ზოგადი ინფორმაცია |
| ფიქსირებული სიგრძის საკონტროლო ველი |
221124s1978ge xxu||||| |||| 00| 0 geo d |
| 041 ## - ენის კოდი |
| Language code of text/sound track or separate title |
geo |
| 080 ## - უნივერსალური ათობითი კლასიფიკაციის ინდექსი |
| Universal Decimal Classification number |
821.511.141-11 პ-32 |
| 100 ## - მთავარი ჩანაწერი - პიროვნების სახელი |
| Personal name |
პეტეფი, შანდორ, ავტ. |
| 9 (RLIN) |
16065 |
| 245 ## - ცნობა სათაურის შესახებ |
| Title |
ლექსები ; პოემები / |
| Statement of responsibility, etc |
შანდორ პეტეფი ; [უნგრ. თარგმნა და შესავალი წერილი დაურთო გ. აბაშიძემ]. |
| 264 ## - წარმოების, გამოცემის, დისტრიბუციის და სხვა ცნობები |
| გამოცემის, წარმოების, დისტრიბუციის... ადგილი |
თბილისი : |
| გამოცემის, წარმოების, დისტრიბუციის... სახელწოდება |
საბჭოთა საქართველო, |
| გამოცემის, წარმოების, დისტრიბუციის... თარიღი |
1978. |
| 300 ## - ფიზიკური აღწერა |
| Extent |
286 გვ. : |
| Other physical details |
პორტრ. ; |
| Dimensions |
20 სმ. |
| 440 ## - სერიის ცნობა / დამატებულია ჩანაწერი - სათაური |
| Title |
მსოფლიო ლიტერატურის ბიბლიოთეკა ; ტ. 51. 1-ლი სერია |
| 9 (RLIN) |
16066 |
| 653 ## - INDEX TERM--UNCONTROLLED |
| Uncontrolled term |
ლექსები ; პოემები |
| 700 ## - ADDED ENTRY--PERSONAL NAME |
| Personal name |
აბაშიძე, გ |
| Relator term |
მთარგმნელი |
| 9 (RLIN) |
16067 |
| 942 ## - ADDED ENTRY ELEMENTS (KOHA) |
| Source of classification or shelving scheme |
|
| Koha item type |
წიგნი |